| 000 | 00783cab a2200277 4500 | ||
|---|---|---|---|
| 001 | ABS47359 | ||
| 008 | 090401t1992 xxu||||| |||| 00| 0 eng d | ||
| 035 | _a(Sirsi) u61738 | ||
| 041 | _aeng | ||
| 100 | _aHoare, D. | ||
| 245 | _aOut of site, out of mind ... out of pocket | ||
| 260 | _c1992 | ||
| 350 | _a0 | ||
| 490 |
_aCS Monthly : Rural Practice _v2(2) October 1992, 3-4(2) |
||
| 520 | _aExamines how farmland may be affected by the proposed registers of contaminated land. | ||
| 650 | _aCONTAMINATED LAND | ||
| 650 | _aENVIRONMENTAL PROTECTION ACT 1990 | ||
| 650 | _aFARMLAND | ||
| 650 |
_aInsurance _96249 |
||
| 650 | _aWATER RESOURCES ACT 1991 | ||
| 650 | _aWHITE BOOK | ||
| 690 | _aLAND | ||
| 690 | _aRURAL PRACTICE | ||
| 942 | _n0 | ||
| 948 | _c04/03/1997 | ||
| 999 |
_c38290 _d38290 |
||